| 000 | 00462nam a2200169 i 4500 | ||
|---|---|---|---|
| 001 | 95368 | ||
| 003 | ES-MaACL | ||
| 005 | 20250805063250.0 | ||
| 007 | t| | ||
| 008 | 050527s1972 sp ||||1| spa d | ||
| 100 | 1 |
_aLlarch, Joan, _d1920-1987 _972722 |
|
| 245 | 1 | 0 |
_aAsí aman los españoles / _cJoan Llarch. |
| 260 |
_aBarcelona : _bFénix, _c1972. |
||
| 300 |
_a190 p. ; _c19 cm. |
||
| 852 |
_aES-MaACL _jC-51379 _bR.84806 |
||
| 999 |
_c95368 _d95368 |
||